[Event "49th Bosna it"]
[Site "Sarajevo BIH"]
[Date "2019.05.03"]
[Round "9.18"]
[White "Terzic, Ilijas"]
[Black "Maksimovic, Bojan"]
[Result "0-1"]
[WhiteElo "2104"]
[BlackElo "2288"]
[EventDate "2019.04.27"]
[PlyCount "108"]

1.d4 g6 2.e4 Bg7 3.Nf3 d6 4.Bc4 e6 5.c3 Ne7 6.h4 h6 7.Nbd2 a6 8.Nf1 Nd7 9.
Ng3 b6 10.Bf4 Bb7 11.Qe2 d5 12.exd5 Nxd5 13.Bd2 O-O 14.Ne4 N5f6 15.Ng3 Nd5
16.Ne4 N5f6 17.Ng3 c5 18.h5 g5 19.Nxg5 cxd4 20.Nf3 b5 21.Bb3 Bxf3 22.Qxf3 
Ne5 23.Qe2 dxc3 24.Bxc3 Nd3+ 25.Kf1 Nf4 26.Qf3 Qd3+ 27.Qxd3 Nxd3 28.Bc2 
Rfd8 29.Rh4 Nc5 30.Rd4 Nd5 31.Rg4 Nxc3 32.bxc3 Kf8 33.Ne2 Rd2 34.Rc1 Rad8 
35.Ke1 R2d7 36.a4 bxa4 37.Ra1 Rd5 38.Rh4 Bf6 39.Rh3 Rb8 40.Nd4 Bxd4 41.
cxd4 Rxd4 42.Rc3 Rb5 43.Ke2 Nb3 44.Rd1 Rxd1 45.Bxd1 Rxh5 46.Bxb3 axb3 47.
Rxb3 a5 48.Rb7 Rf5 49.g4 Rg5 50.f3 h5 51.gxh5 Rxh5 52.Ra7 Kg7 53.Ke3 Kg6 
54.Ra6 Rb5 0-1

[Event "49th Bosna it"]
[Site "Sarajevo BIH"]
[Date "2019.05.03"]
[Round "9.19"]
[White "Vajic, Goran"]
[Black "Zenelaj, Samuel"]
[Result "1-0"]
[WhiteElo "2280"]
[BlackElo "1916"]
[EventDate "2019.04.27"]
[PlyCount "75"]

1.e4 e5 2.Nf3 Nc6 3.d4 exd4 4.Bc4 Nf6 5.e5 d5 6.Bb5 Nd7 7.O-O Be7 8.Re1 
O-O 9.Nbd2 Ndb8 10.Nb3 Bg4 11.h3 Bh5 12.g4 Bg6 13.Nbxd4 Nxd4 14.Nxd4 Bc5 
15.c3 Qh4 16.Bf1 f5 17.exf6 Qxf6 18.Be3 c6 19.Bg2 Nd7 20.f4 Bd6 21.f5 Bf7 
22.Qd2 Bc7 23.Bf4 Bxf4 24.Qxf4 Nc5 25.g5 Qd8 26.Qg3 Ne4 27.Bxe4 dxe4 28.
Rxe4 Bd5 29.Re3 Qb6 30.f6 Rae8 31.g6 Rxe3 32.gxh7+ Kf7 33.Qxg7+ Ke8 34.
Qxf8+ Kxf8 35.h8=Q+ Kf7 36.Qg7+ Ke8 37.Rf1 Bf7 38.Qg5 1-0

[Event "49th Bosna it"]
[Site "Sarajevo BIH"]
[Date "2019.05.03"]
[Round "9.21"]
[White "Kanyamarala, Tarun"]
[Black "Peric, Bernard"]
[Result "1-0"]
[WhiteElo "2070"]
[BlackElo "2128"]
[EventDate "2019.04.27"]
[PlyCount "93"]

1.d4 f5 2.Nf3 Nf6 3.g3 g6 4.Bg2 Bg7 5.O-O O-O 6.b3 d6 7.Bb2 e6 8.c4 Qe8 9.
Nc3 a6 10.Rc1 Ne4 11.Nxe4 fxe4 12.Ne1 d5 13.e3 c6 14.f3 exf3 15.Nxf3 Nd7 
16.Qc2 Qe7 17.e4 Nf6 18.e5 Ng4 19.Qd3 Bd7 20.Rc2 Be8 21.Bc1 Bh6 22.h3 Bxc1
23.Rcxc1 Nh6 24.g4 Rd8 25.Qe3 Kg7 26.Rf2 Bd7 27.cxd5 exd5 28.Rcf1 Ng8 29.
Kh2 h6 30.Kg3 Qe6 31.Ne1 g5 32.Nd3 b6 33.Rf3 Qe7 34.Rh1 Rxf3+ 35.Bxf3 Rf8 
36.h4 Be8 37.hxg5 hxg5 38.Be2 Bg6 39.Rf1 Kh8 40.Nf2 Rf4 41.Bd3 Be4 42.Bxe4
dxe4 43.Rh1+ Kg7 44.Nxe4 Qe6 45.Qe2 Nh6 46.Nf6 Rxd4 47.Rxh6 1-0

[Event "49th Bosna it"]
[Site "Sarajevo BIH"]
[Date "2019.05.03"]
[Round "9.23"]
[White "Kozarcanin, Sead"]
[Black "Trumic, Enes"]
[Result "0-1"]
[WhiteElo "1976"]
[BlackElo "2241"]
[EventDate "2019.04.27"]
[PlyCount "100"]

1.b3 e5 2.Bb2 Nc6 3.e3 d5 4.Bb5 f6 5.Ne2 Bg4 6.h3 Bh5 7.g4 Bf7 8.Bxc6+ 
bxc6 9.Ng3 g6 10.d3 Bg7 11.Nd2 Ne7 12.Nf3 h6 13.Qe2 a5 14.a4 Be6 15.Nh4 
O-O 16.Ba3 Kh7 17.f4 f5 18.O-O-O Bf6 19.Nf3 fxg4 20.hxg4 exf4 21.Qh2 Ng8 
22.exf4 Bxg4 23.Bxf8 Qxf8 24.Ng5+ Bxg5 25.fxg5 Bxd1 26.Rxd1 Qf4+ 27.Kb1 
Qxg5 28.Ne2 Qe7 29.Nd4 c5 30.Nf3 Rf8 31.Re1 Qf6 32.Rf1 Qe7 33.Ng5+ Kg7 34.
Rxf8 Kxf8 35.Qf2+ Kg7 36.Nf3 g5 37.Qd2 g4 38.Ne1 c4 39.Qxa5 cxb3 40.cxb3 
Nf6 41.Qd2 d4 42.a5 Qa3 43.Nc2 Qxb3+ 44.Kc1 Qa4 45.Qe1 Kg6 46.Qe5 Qc6 47.
Qxd4 h5 48.Kd2 h4 49.Nb4 Qg2+ 50.Kc3 h3 0-1

[Event "49th Bosna it"]
[Site "Sarajevo BIH"]
[Date "2019.05.03"]
[Round "9.25"]
[White "Colpa, Fahrudin"]
[Black "Abdic, Adnan"]
[Result "1-0"]
[WhiteElo "1848"]
[BlackElo "2177"]
[EventDate "2019.04.27"]
[PlyCount "74"]

1.e4 e6 2.Nc3 d5 3.d4 Nf6 4.Bg5 dxe4 5.Nxe4 Be7 6.Bxf6 Bxf6 7.Nf3 b6 8.c3 
Bb7 9.Bd3 Nd7 10.Qe2 O-O 11.g4 c5 12.g5 Be7 13.h4 cxd4 14.Nxd4 Nc5 15.Bc2 
Qd5 16.f3 Rfd8 17.b3 Rac8 18.Qe3 Nxe4 19.Bxe4 Qd7 20.O-O-O Bxe4 21.fxe4 
Bb4 22.Nc2 Bc5 23.Qe2 Qc7 24.Rxd8+ Rxd8 25.Kb2 Qf4 26.b4 Bf2 27.Rf1 Rd2 
28.Qc4 g6 29.h5 gxh5 30.Qc8+ Kg7 31.Qc4 b5 32.Qxb5 Qxe4 33.Qa4 Qc4 34.Rc1 
h4 35.Qb3 Qxb3+ 36.Kxb3 Rxc2 37.Rxc2 h3 1-0

[Event "49th Bosna it"]
[Site "Sarajevo BIH"]
[Date "2019.05.03"]
[Round "9.26"]
[White "Alihodzic, Muzafer"]
[Black "Kanyamarala, Trisha"]
[Result "0-1"]
[WhiteElo "2147"]
[BlackElo "2028"]
[EventDate "2019.04.27"]
[PlyCount "84"]

1.e4 c5 2.Nc3 Nc6 3.g3 g6 4.Bg2 Bg7 5.d3 d6 6.Nge2 e6 7.O-O Nge7 8.Be3 Nd4
9.Qd2 O-O 10.Nd1 Rb8 11.Nf4 Ndc6 12.h4 b5 13.Nh3 Qa5 14.c3 Re8 15.f4 b4 
16.f5 bxc3 17.bxc3 exf5 18.Bh6 fxe4 19.Bxg7 Kxg7 20.Ng5 Ne5 21.Nxe4 Qd8 
22.Nf6 Rf8 23.Ne3 Be6 24.g4 Qc8 25.Rf4 Ng8 26.g5 Ne7 27.Raf1 Qa6 28.d4 Nd3
29.R4f3 Rb2 30.Qd1 cxd4 31.cxd4 Rc8 32.d5 Bf5 33.Nxf5+ Nxf5 34.Qxd3 Qb6+ 
35.R1f2 Rc1+ 36.Kh2 Rxf2 37.Nh5+ gxh5 38.Qxf5 Rxf3 39.Qxf3 Qg1+ 40.Kh3 Qd4
41.Qxh5 Rc3+ 42.Kh2 Qf4+ 0-1

[Event "49th Bosna it"]
[Site "Sarajevo BIH"]
[Date "2019.05.03"]
[Round "9.27"]
[White "Pistalovic, Slobodan"]
[Black "Jerkovic, Maroje"]
[Result "1-0"]
[WhiteElo "1865"]
[BlackElo "2145"]
[EventDate "2019.04.27"]
[PlyCount "73"]

1.e4 g6 2.d4 Bg7 3.Nf3 c5 4.Be3 Nf6 5.Nc3 cxd4 6.Nxd4 Nc6 7.Be2 O-O 8.O-O 
d5 9.exd5 Nxd5 10.Nxd5 Nxd4 11.Bxd4 Qxd5 12.Bxg7 Qxd1 13.Raxd1 Kxg7 14.Bf3
Be6 15.a3 Rac8 16.Rd2 Rc7 17.Rfd1 Rfc8 18.c3 Bb3 19.Re1 Kf6 20.Rd4 b6 21.
Rf4+ Kg7 22.Rd4 f6 23.Re2 e5 24.Rd6 Kf7 25.Red2 Ke7 26.Be2 Be6 27.Bb5 f5 
28.f3 Rc5 29.Bd7 Bxd7 30.Rxd7+ Kf6 31.R2d6+ Kg5 32.Rxh7 Rb8 33.g3 Rc4 34.
Rg7 Kh6 35.Rdxg6+ Kh5 36.g4+ fxg4 37.fxg4+ 1-0

[Event "49th Bosna it"]
[Site "Sarajevo BIH"]
[Date "2019.05.03"]
[Round "9.28"]
[White "Miftari, Hedon"]
[Black "Maksimovic, Masa"]
[Result "0-1"]
[WhiteElo "1621"]
[BlackElo "2107"]
[EventDate "2019.04.27"]
[PlyCount "108"]

1.c4 g6 2.g3 Bg7 3.Bg2 d6 4.Nc3 e5 5.e3 f5 6.d4 c6 7.Nge2 Nf6 8.O-O O-O 9.
dxe5 dxe5 10.Qxd8 Rxd8 11.Rd1 Rxd1+ 12.Nxd1 Na6 13.b3 Nb4 14.Bd2 Nd3 15.
Nc1 Nc5 16.Bc3 e4 17.Ne2 Kf7 18.Nb2 Be6 19.Rd1 Bf8 20.Nd4 Be7 21.b4 Ncd7 
22.Nxe6 Kxe6 23.a4 Ne8 24.Bf1 Bf6 25.Bxf6 Nexf6 26.a5 b6 27.a6 Rc8 28.h3 
Nb8 29.c5 b5 30.Rd6+ Ke7 31.g4 Rd8 32.Rxd8 Kxd8 33.gxf5 gxf5 34.h4 Nxa6 
35.Bh3 Nxb4 36.Bxf5 Na6 37.f3 Nxc5 38.fxe4 Ncxe4 39.Kg2 a5 40.Kf3 Nd6 41.
Bc2 h6 42.e4 Nf7 43.Kf4 Ke7 44.Kf5 Nd7 45.h5 Nde5 46.Bd1 c5 47.Kf4 c4 48.
Bc2 Kf6 49.Nd1 Nd3+ 50.Bxd3 cxd3 51.Ke3 Ne5 52.Nc3 b4 53.Nd5+ Ke6 54.Nf4+ 
Kd6 0-1

[Event "49th Bosna it"]
[Site "Sarajevo BIH"]
[Date "2019.05.03"]
[Round "9.29"]
[White "Petrovic, Marija"]
[Black "Kajevic, Dzevad"]
[Result "0-1"]
[WhiteElo "2068"]
[BlackElo "1925"]
[EventDate "2019.04.27"]
[PlyCount "58"]

1.d4 d5 2.Nf3 Nf6 3.g3 g6 4.Bg2 Bg7 5.O-O O-O 6.c3 c6 7.Nbd2 Re8 8.Re1 
Nbd7 9.e4 Nxe4 10.Nxe4 dxe4 11.Rxe4 Nf6 12.Re1 Bg4 13.h3 Bxf3 14.Qxf3 Qb6 
15.Bf1 Rad8 16.Bc4 Nd5 17.Bb3 Rd6 18.Bg5 Qd8 19.Rad1 b5 20.Kg2 a5 21.a4 h6
22.Bc1 Qd7 23.axb5 cxb5 24.Re5 e6 25.Re2 Rc8 26.Rde1 a4 27.Ba2 a3 28.Qd3 
Qc6 29.Bb3 Nf4+ 0-1

[Event "49th Bosna it"]
[Site "Sarajevo BIH"]
[Date "2019.05.03"]
[Round "9.30"]
[White "Jovovic, Milan"]
[Black "Vujicic, Dragisa"]
[Result "1/2-1/2"]
[WhiteElo "2065"]
[BlackElo "1922"]
[EventDate "2019.04.27"]
[PlyCount "113"]

1.d4 g6 2.Bf4 Bg7 3.Nc3 d6 4.Nf3 Nc6 5.d5 Ne5 6.Nxe5 dxe5 7.Bg3 f5 8.f3 
Nh6 9.Qd2 Nf7 10.e4 O-O 11.Bc4 Nd6 12.Bd3 f4 13.Bh4 h6 14.O-O-O Qe8 15.Bf2
Bd7 16.Kb1 b5 17.Bc5 a5 18.Rdf1 Nb7 19.Bf2 b4 20.Nd1 Bb5 21.c4 bxc3 22.
Nxc3 Bxd3+ 23.Qxd3 Nd6 24.g3 g5 25.h4 Rb8 26.hxg5 hxg5 27.gxf4 gxf4 28.
Rfg1 Rf6 29.Qf1 Rg6 30.Qh3 Rxg1+ 31.Rxg1 Qf7 32.Qd7 Rb4 33.Qxc7 Nc4 34.Bc5
Rxb2+ 35.Kc1 Rh2 36.Bxe7 Ne3 37.Kb1 Kh7 38.Bd6 Qxc7 39.Bxc7 Nc4 40.Na4 
Nd2+ 41.Kc1 Nxf3 42.Rd1 Rxa2 43.Nc3 Ra1+ 44.Nb1 Ng5 45.d6 Bf6 46.Kb2 Ra4 
47.Nc3 Rd4 48.Rxd4 exd4 49.Nd5 Nxe4 50.d7 Bh4 51.Nxf4 Nc5 52.d8=Q Bxd8 53.
Bxd8 Kg7 54.Bb6 Na4+ 55.Ka3 Nxb6 56.Ne6+ Kf6 57.Nxd4 1/2-1/2

[Event "49th Bosna it"]
[Site "Sarajevo BIH"]
[Date "2019.05.03"]
[Round "9.31"]
[White "Sajin, Mladen"]
[Black "Sabic, Muris"]
[Result "1-0"]
[WhiteElo "1790"]
[BlackElo "1963"]
[EventDate "2019.04.27"]
[PlyCount "120"]

1.d4 Nf6 2.c4 e6 3.Nf3 b6 4.g3 Ba6 5.b3 d5 6.Bg2 Be7 7.O-O c6 8.Nc3 Bb7 9.
cxd5 cxd5 10.Ne5 Nbd7 11.f4 O-O 12.Bd2 Nxe5 13.fxe5 Ne4 14.Bxe4 dxe4 15.e3
f5 16.exf6 Bxf6 17.Qg4 Bd5 18.Nxe4 Qe7 19.Bb4 Qxb4 20.Nxf6+ Rxf6 21.Rxf6 
Qc3 22.Rd1 Qxe3+ 23.Rf2 Rc8 24.Qf4 Qxf4 25.Rxf4 Rc2 26.Rf2 Rc3 27.Kf1 Bf3 
28.Re1 Rd3 29.Rxe6 Rd1+ 30.Re1 Rd3 31.d5 h6 32.Rxf3 Rxf3+ 33.Ke2 Rf5 34.
Rd1 Re5+ 35.Kf3 Kf7 36.d6 Ke8 37.d7+ Kd8 38.Rd2 Re1 39.Kf4 Re6 40.Kf5 Rf6+
41.Ke5 Rg6 42.Rd6 Rg5+ 43.Ke6 Rg6+ 44.Kd5 Rg5+ 45.Kc6 Rc5+ 46.Kb7 Rc2 47.
a4 Rc3 48.Kxa7 Rxb3 49.Rxb6 Ra3 50.Rb4 Kxd7 51.Kb6 Kc8 52.a5 Kb8 53.Re4 
Rb3+ 54.Ka6 Rb2 55.Re8+ Kc7 56.h4 Kc6 57.Rg8 Rf2 58.Rxg7 Rf6 59.Rb7 Rf3 
60.Rb6+ Kc5 1-0

[Event "49th Bosna it"]
[Site "Sarajevo BIH"]
[Date "2019.05.03"]
[Round "9.34"]
[White "Pleh, Semir"]
[Black "Radulov, Nevena"]
[Result "0-1"]
[WhiteElo "1829"]
[BlackElo "1704"]
[EventDate "2019.04.27"]
[PlyCount "64"]

1.c4 c5 2.Nc3 Nc6 3.g3 Nf6 4.Bg2 g6 5.e3 Bg7 6.d4 cxd4 7.exd4 O-O 8.Nf3 d6
9.O-O Nd7 10.Be3 Nb6 11.b3 Bg4 12.h3 Bxf3 13.Bxf3 Qd7 14.Bg2 h6 15.Rc1 Kh7
16.a3 Qd8 17.Qd3 Nd7 18.f4 f5 19.Rfd1 Nf6 20.d5 Nb8 21.Ne2 Nbd7 22.Nc3 Nc5
23.Qe2 Nxb3 24.Rc2 Na5 25.c5 dxc5 26.Bxc5 Re8 27.Kh2 b6 28.Bf2 Rc8 29.h4 
Ng4+ 30.Kh3 Nxf2+ 31.Qxf2 Rxc3 32.Rxc3 Bxc3 0-1

[Event "49th Bosna it"]
[Site "Sarajevo BIH"]
[Date "2019.05.03"]
[Round "9.35"]
[White "Lubura, Zoran"]
[Black "Medic, Nevenko"]
[Result "1-0"]
[WhiteElo "1798"]
[BlackElo "1983"]
[EventDate "2019.04.27"]
[PlyCount "63"]

1.d4 d5 2.Bf4 e6 3.Nf3 c5 4.e3 Nc6 5.c3 Nf6 6.Bd3 Bd6 7.Bg3 Qc7 8.Nbd2 O-O
9.Rc1 e5 10.dxe5 Nxe5 11.Nxe5 Bxe5 12.Nf3 Bxg3 13.hxg3 Bg4 14.Bb1 g6 15.
Qa4 Bxf3 16.gxf3 c4 17.Rh4 Rfe8 18.Qc2 Re7 19.Kf1 Qc5 20.g4 Kg7 21.f4 Rae8
22.g5 Ne4 23.Kg2 f5 24.gxf6+ Nxf6 25.Rch1 Qc7 26.Qd1 Rh8 27.Qd4 b6 28.Kf1 
Ree8 29.Rg1 Kf8 30.Qxf6+ Kg8 31.Bxg6 hxg6 32.Rxh8# 1-0

[Event "49th Bosna it"]
[Site "Sarajevo BIH"]
[Date "2019.05.03"]
[Round "9.36"]
[White "Strinic, Hamdija"]
[Black "Zenelaj, Fisnik"]
[Result "0-1"]
[WhiteElo "1751"]
[BlackElo "1933"]
[EventDate "2019.04.27"]
[PlyCount "119"]

1.d4 Nf6 2.c4 g6 3.Nc3 Bg7 4.e4 d6 5.Be2 O-O 6.Be3 e5 7.d5 Ne8 8.g4 f5 9.
gxf5 gxf5 10.h4 f4 11.Bd2 a5 12.Qc2 Na6 13.O-O-O Nc5 14.h5 h6 15.f3 a4 16.
a3 c6 17.Nh3 Qb6 18.Kb1 Nb3 19.Rdg1 Bxh3 20.Qd1 Nxd2+ 21.Qxd2 Bd7 22.Rg2 
Nf6 23.Qe1 cxd5 24.Rhg1 Rf7 25.Rg6 Kh7 26.Qh4 Qd8 27.Qh2 d4 28.Nb5 Bxb5 
29.cxb5 Qe7 30.Bc4 d5 31.exd5 Qc5 32.Bd3 Kh8 33.Qg2 Qf8 34.Bf5 Nxh5 35.Be6
Rf6 36.Rc1 Ng3 37.Rg4 Qe7 38.b6 Rxe6 39.Rc7 Qf6 40.dxe6 Rg8 41.Qc2 Qxe6 
42.Rg6 Qf5 43.Qxf5 Nxf5 44.Rxb7 Nh4 45.Rgxg7 Rxg7 46.Rxg7 Kxg7 47.b7 Nxf3 
48.b8=Q Kf6 49.Kc2 Kf5 50.Qb7 Ng5 51.Kd3 f3 52.Kd2 Kf4 53.Ke1 Ke3 54.Qc6 
f2+ 55.Kf1 Nf3 56.Kg2 e4 57.Qxh6+ Ke2 58.Qh5 Ke1 59.Qh4 e3 60.Qg3 0-1

[Event "49th Bosna it"]
[Site "Sarajevo BIH"]
[Date "2019.05.03"]
[Round "9.38"]
[White "Bavcic, Fuad"]
[Black "Muhibic, Cazim"]
[Result "1-0"]
[WhiteElo "1681"]
[BlackElo "1859"]
[EventDate "2019.04.27"]
[PlyCount "71"]

1.d4 Nf6 2.c4 d6 3.Nc3 g6 4.h3 Bg7 5.Bf4 b6 6.Nf3 O-O 7.e3 Bb7 8.Be2 Nbd7 
9.Qc2 Re8 10.Rd1 Qc8 11.O-O e5 12.dxe5 dxe5 13.Bh2 h6 14.b4 Nh7 15.Rd2 
Ndf8 16.Rfd1 Ng5 17.Ne1 Qe6 18.e4 a5 19.b5 Qe7 20.Nd5 Bxd5 21.cxd5 Qd6 22.
h4 Ngh7 23.Nd3 Nd7 24.Rc1 Rac8 25.Qa4 Nb8 26.f4 f6 27.fxe5 fxe5 28.Bg4 
Rcd8 29.Rdc2 Re7 30.Rc3 Nf6 31.Be6+ Rxe6 32.dxe6 Ng4 33.Bg3 Kh7 34.Nf2 
Qxe6 35.Rxc7 Nd7 36.R7c6 1-0

[Event "49th Bosna it"]
[Site "Sarajevo BIH"]
[Date "2019.05.03"]
[Round "9.39"]
[White "Colpa, Husein"]
[Black "Lapo, Safet"]
[Result "0-1"]
[WhiteElo "1854"]
[BlackElo "1770"]
[EventDate "2019.04.27"]
[PlyCount "86"]

1.e4 d5 2.exd5 Qxd5 3.Nc3 Qd8 4.Nf3 Nf6 5.d4 Bf5 6.Bc4 e6 7.Bg5 Be7 8.O-O 
c6 9.a4 a5 10.Re1 O-O 11.h3 h6 12.Bf4 Bd6 13.Qd2 Bxf4 14.Qxf4 Bxc2 15.g4 
Nd5 16.Qd2 Bg6 17.Ne5 Kh7 18.f4 Nd7 19.Rad1 Nxe5 20.Rxe5 Qb6 21.Kh2 Qb4 
22.Bxd5 cxd5 23.g5 hxg5 24.Rxg5 f6 25.Rg3 Rac8 26.Qe2 Bf5 27.Qg2 Rf7 28.
Rg1 Rcc7 29.Qf2 Rc4 30.Rd1 Qb3 31.Rd2 Qb4 32.Nd1 Qxd2 33.Qxd2 Rc2 34.Qxc2 
Bxc2 35.Nc3 Rc7 36.Nb5 Rc4 37.Rc3 Bxa4 38.Rxc4 dxc4 39.Nd6 b5 40.Kg3 Kg8 
41.Nb7 b4 42.Nxa5 c3 43.bxc3 bxc3 0-1

[Event "49th Bosna it"]
[Site "Sarajevo BIH"]
[Date "2019.05.03"]
[Round "9.41"]
[White "Savanovic, Maksim"]
[Black "Fejzic, Danis"]
[Result "1-0"]
[WhiteElo "1846"]
[BlackElo "1539"]
[EventDate "2019.04.27"]
[PlyCount "48"]

1.d4 Nf6 2.Bf4 g6 3.Nf3 Bg7 4.e3 O-O 5.Be2 d6 6.h3 c5 7.c3 b6 8.O-O Bb7 9.
a4 a6 10.Nbd2 Nbd7 11.Bh2 Ne4 12.Nxe4 Bxe4 13.Qb3 Qc7 14.Ng5 Nf6 15.Bc4 e6
16.Rfd1 cxd4 17.Rxd4 Bd5 18.Bxd5 Nxd5 19.Rd2 Rfd8 20.Rad1 Bh6 21.Nf3 Nxe3 
22.Bxd6 Qc4 23.Qxc4 Nxc4 24.Rd4 Nxb2 1-0

[Event "49th Bosna it"]
[Site "Sarajevo BIH"]
[Date "2019.05.03"]
[Round "9.43"]
[White "Nukic, Farik"]
[Black "Beslija, Hana"]
[Result "1-0"]
[WhiteElo "1731"]
[BlackElo "1297"]
[EventDate "2019.04.27"]
[PlyCount "65"]

1.d4 d5 2.Bf4 g6 3.e3 Bg7 4.Nd2 Bf5 5.g4 Be6 6.Bg3 f5 7.h3 Nf6 8.f3 Bh6 9.
Qe2 c6 10.Qd3 Nbd7 11.Bh4 fxg4 12.hxg4 Bg7 13.Bg3 Bf7 14.Be2 Nb6 15.Be5 
Nbd7 16.f4 Nxe5 17.fxe5 Nd7 18.Nh3 Bh6 19.Nf4 Bxf4 20.exf4 e6 21.O-O-O Nb6
22.Rh3 Qe7 23.Rdh1 Bg8 24.f5 exf5 25.gxf5 gxf5 26.Bh5+ Kd7 27.Bg6 Rf8 28.
Bxf5+ Be6 29.Bxe6+ Kxe6 30.Rxh7 Rxh7 31.Rxh7 Rf7 32.Qg6+ Kd7 33.Rxf7 1-0

[Event "49th Bosna it"]
[Site "Sarajevo BIH"]
[Date "2019.05.03"]
[Round "9.45"]
[White "Rakita, Jandrija"]
[Black "Zaloznik, Gal"]
[Result "1-0"]
[WhiteElo "1689"]
[BlackElo "1304"]
[EventDate "2019.04.27"]
[PlyCount "69"]

1.e4 e5 2.Nf3 Nc6 3.a3 Bc5 4.Bc4 Nf6 5.Qe2 d6 6.h3 Be6 7.Bxe6 fxe6 8.Qc4 
Qd7 9.Ng5 Bb6 10.Nc3 h6 11.Nf3 O-O-O 12.Na4 d5 13.Nxb6+ axb6 14.exd5 exd5 
15.Qa4 Rde8 16.O-O Kb8 17.d3 e4 18.Nd4 exd3 19.cxd3 Nxd4 20.Qxd4 Re2 21.b4
Rhe8 22.Be3 Qd6 23.Rfc1 Qe5 24.Qxe5 Rxe5 25.Kf1 R2xe3 26.fxe3 Rxe3 27.Rd1 
d4 28.Rac1 Nd5 29.Rc4 Nc3 30.Re1 Rxd3 31.Re8+ Ka7 32.Rd8 Rd1+ 33.Kf2 Rd2+ 
34.Kf3 Rd3+ 35.Kg4 1-0